| 000 | 02175nam a22002897a 4500 | ||
|---|---|---|---|
| 001 | 1527 | ||
| 003 | FISKH | ||
| 005 | 20250527161616.0 | ||
| 008 | 230904b cb ||||| |||| 00| 0 khr d | ||
| 020 | _a9789995054861 | ||
| 040 |
_aFISKH _beng _cFISKH _dFISKH |
||
| 082 | _a796.53 | ||
| 100 | _aMengchheang, Sungheng | ||
| 245 |
_aភាគខាងត្បូងនិងតំបន់មាត់សមុទ្រកម្ពុជា / _bយល់ដឹងពី: _cនិពន្ធដោយ ស៊ុនហេង ម៉េងឈាង - អត្ថបទអំពីខេត្តកណ្ដាល កំពង់ស្ពឺ ស្វាយរៀង ដោយ ស៊ុន សុគន្ធមាលា |
||
| 250 | _aបោះពុម្ពលើកទី ៤ វិច្ឆិកា ២០១៩ | ||
| 260 |
_aPhnom Penh : _bSipar, _c2019. |
||
| 300 |
_a39 pages : _bmap ; color illustrations ; _c20 cm |
||
| 490 | _aខ្ញុំចង់ដឹង | ||
| 505 | _aZ' | ||
| 520 | _aស្វែងយល់ពីភាគខាងត្បូង និងឆ្នេរសមុទ្រនៃប្រទេសកម្ពុជា ផ្តល់ព័ត៌មានអំពីជីវិតនៃតំបន់ភាគខាងត្បូង និងឆ្នេរសមុទ្រចាប់ផ្តើមពីខេត្តកណ្តាល ព្រៃវែង ស្វាយរៀង កំពង់ស្ពឺ តាកែវ កោះកុង ព្រះសីហនុ កំពត កែប និងវៀតណាម ដែលជាប្រទេសជិតខាងរបស់យើង។ | ||
| 520 | _aThe book provides information about life in the southern and coastal areas of Cambodia. It starts from Kandal, Prey Veng, Svay Rieng, Kampong Speu, Takeo, Koh Kong, Sihanouk Ville, Kampot, Kep, and Vietnam, a neighboring country. | ||
| 521 | 8 |
_a1000
_bLexile estimate |
|
| 521 | 8 |
_aZ'
_bRaz-Plus |
|
| 650 |
_aធម្មជាតិ _vឆ្នេរសមុទ្រ _xប៉ែកខាងត្បូង |
||
| 650 |
_aNature _vCoastal area _xSouthern |
||
| 942 |
_2ddc _cBK _n0 |
||
| 999 |
_c1527 _d1527 |
||